00166nam a2200073Ia 4500082001500000245001500015100002100030008004100051 aLP EF BROW 0aThe alibi  a BROWN, Sandra 210825s9999 xx 000 0 und d